Most Minecraft Mondays Wins - Statistics

General Stats
  • This quiz has been taken 5 times
  • The average score is 7 of 17
Answer Stats
Wins Weeks Answer % Correct
5 1, 2, 6, 7, 10 Technoblade
80%
2 5, 7 BadBoyHalo
60%
1 11 BastiGHG
60%
1 10 Ph1LzA
60%
1 1 ShotGunRaids
60%
2 4, 9 Vikkstar123
60%
2 12, 13 xQcOW
60%
1 6 jschlatt
40%
2 12, 13 m0xy
40%
3 5, 7, 9 Skeppy
40%
1 11 Aqua
20%
1 3 cscoop
20%
1 2 iBallisticSquid
20%
1 8 MCmorganplayz
20%
1 4 PrestonPlayz
20%
1 3 traves
20%
1 8 needlesxd
0%
No matching quizzes found
Score Distribution
Percent of People with Each Score
Percentile by Number Answered
Your Score History
You have not taken this quiz